000 00850nac a22002171u 4500
010 _a62001482
035 _a(OCoLC)410720
082 _a327.492091
_bP179
090 _c1860
_d1860
100 _aPalmier, Leslie H.
245 1 0 _aIndonesia and the Dutch.
_cIssued under the auspices of the Institute of Race Relations, London.
260 _aLondon,
_aNew York,
_bOxford University Press,
_c1962.
300 _a194 p.
_billus.
_c19 cm.
500 _aDonations
500 _aDonations - Dr. Mostafa Gouda
650 0 _aDutch
_zIndonesia.
651 0 _aIndonesia
_xForeign relations
_zNetherlands.
651 0 _aNetherlands
_xForeign relations
_zIndonesia.
942 _cBB
_k327.492091P179
999 _c1860
_d1860